Nový trend v bannerovej reklame - RTB

Anglický výraz real time bidding (RTB) predstavuje predaj bannerovej (display) reklamy prebiehajúcej v reálnom čase. RTB ako nový trend v display reklame. Kritériá, výhody a nevýhody RTB.

Saved in:
Bibliographic Details
Main Author: Ševčíková, Kamila
Format: Book Chapter
Language:Slovak
Subjects:
Tags: Add Tag
No Tags, Be the first to tag this record!

MARC

LEADER 00000naa a2200000 4500
001 0165617
005 20230912102427.2
041 0 |a slo 
044 |a SK 
245 1 0 |a Nový trend v bannerovej reklame - RTB  |c Kamila Ševčíková 
520 |a Anglický výraz real time bidding (RTB) predstavuje predaj bannerovej (display) reklamy prebiehajúcej v reálnom čase. RTB ako nový trend v display reklame. Kritériá, výhody a nevýhody RTB. 
610 2 0 |a reklama 
610 2 0 |a inzercia 
610 2 0 |a kampane reklamné 
610 2 0 |a techniky reklamné 
610 2 0 |a internet 
610 2 0 |a stránky webové 
610 2 0 |a metódy propagačné 
100 1 |a Ševčíková, Kamila